| 000 | 00720nam a2200241Ia 4500 | ||
|---|---|---|---|
| 008 | 220216s9999 xx 000 0 und d | ||
| 100 | _aRamachandran P | ||
| 245 | 0 | _aDetection of a low molecular weight viroid-like RNA in Hevea brasiliensis | |
| 260 | _bIn: Tapping Panel Dryness of Rubber Trees (Eds.James Jacob; R Krishnakumar and N.M. Mathew) Rubber Research Institute of India, Kottayam, 2006, pp.183-188. | ||
| 650 | _aLMW-RNA | ||
| 650 | _aR-PAGE | ||
| 650 | _aTPD | ||
| 650 | _aViroid | ||
| 700 | _aAbraham T | ||
| 700 | _aAhlawat Y S | ||
| 700 | _aJacob C K | ||
| 700 | _aMathew J | ||
| 700 | _aMathew N M | ||
| 700 | _aPhilip S | ||
| 700 | _aSethuraj M R | ||
| 700 | _aVarma A | ||
| 942 | _cBS | ||
| 999 |
_c50743 _d50743 |
||